000 00807nam a2200253 a 4500
005 20180803164951.0
008 160122b2000 xxua gr|||| 00| 0 spa d
020 _a1899628150
040 _aCO-BoIAVH
_cCO-BoIAVH
041 _aeng
082 4 _a333.9516079
_bG87b
100 1 _aGroombridge, B.
_953640
245 1 _aGlobal biodiversity earth's living resources in the 21st century
260 _aCambridge
_bWorld Conservation Press
_c2000
300 _a246 paginas.
_bilustraciones.
_c30 x21 cm.
650 4 _aBiodiversidad
_992204
650 4 _aBiodiversidad
_992204
650 4 _aEvaluación de la biodiversidad
_918267
650 4 _aDiversidad de especies
_953643
650 4 _aExtinción
_91360
650 4 _aUso de la biodiversidad
_94427
700 1 _aJenkins, M. D.
_953644
942 _cLIBRO
_2ddc
999 _c2106
_d2106